Statistics for Countries with the Shortest Road Networks

Click here to take the quiz!

General Stats

  • This quiz has been taken 73 times
    (65 since last reset)
  • The average score is 16 of 20

Answer Stats

Length (km)Country% Correct
380Liechtenstein
95%
77Monaco
94%
292San Marino
94%
320Andorra
90%
30Nauru
87%
670Kiribati
85%
1,210St. Lucia
85%
8Tuvalu
85%
383St. Kitts & Nevis
84%
829St. Vincent
82%
680Tonga
81%
1,070Vanuatu
81%
1,127Grenada
79%
320São Tomé and Príncipe
76%
240Micronesia
74%
508Seychelles
74%
1,170Antigua & Barbuda
73%
88Maldives
73%
880Comoros
71%
1,350Cape Verde
68%

Score Distribution

Percentile by Number Answered

Percent of People with Each Score

Your Score History

You have not taken this quiz since the last reset